<?xml version="1.0" encoding="UTF-8"?>
<collection xmlns="http://www.loc.gov/MARC21/slim">
 <record>
  <leader>02332cam a2200493  b4500</leader>
  <controlfield tag="001">156375049X</controlfield>
  <controlfield tag="003">DE-627</controlfield>
  <controlfield tag="005">20171027095700.0</controlfield>
  <controlfield tag="007">cr uuu---uuuuu</controlfield>
  <controlfield tag="008">170922r20171997xx |||||oo    00| ||ger c</controlfield>
  <datafield tag="024" ind1="7" ind2=" ">
   <subfield code="a">urn:nbn:de:bsz:16-artdok-53703</subfield>
   <subfield code="2">urn</subfield>
  </datafield>
  <datafield tag="024" ind1="7" ind2=" ">
   <subfield code="a">10.11588/artdok.00005370</subfield>
   <subfield code="2">doi</subfield>
  </datafield>
  <datafield tag="035" ind1=" " ind2=" ">
   <subfield code="a">(DE-627)156375049X</subfield>
  </datafield>
  <datafield tag="035" ind1=" " ind2=" ">
   <subfield code="a">(DE-576)493750495</subfield>
  </datafield>
  <datafield tag="035" ind1=" " ind2=" ">
   <subfield code="a">(DE-599)BSZ493750495</subfield>
  </datafield>
  <datafield tag="035" ind1=" " ind2=" ">
   <subfield code="a">(OCoLC)1006813963</subfield>
  </datafield>
  <datafield tag="040" ind1=" " ind2=" ">
   <subfield code="a">DE-627</subfield>
   <subfield code="b">ger</subfield>
   <subfield code="c">DE-627</subfield>
   <subfield code="e">rda</subfield>
  </datafield>
  <datafield tag="041" ind1=" " ind2=" ">
   <subfield code="a">ger</subfield>
  </datafield>
  <datafield tag="082" ind1="0" ind2="4">
   <subfield code="a">750</subfield>
  </datafield>
  <datafield tag="084" ind1=" " ind2=" ">
   <subfield code="a">KUNST</subfield>
   <subfield code="q">DE-16</subfield>
   <subfield code="2">fid</subfield>
  </datafield>
  <datafield tag="100" ind1="1" ind2=" ">
   <subfield code="a">Prange, Regine</subfield>
   <subfield code="d">1958-</subfield>
   <subfield code="e">VerfasserIn</subfield>
   <subfield code="0">(DE-588)123137152</subfield>
   <subfield code="0">(DE-627)082368678</subfield>
   <subfield code="0">(DE-576)293572372</subfield>
   <subfield code="4">aut</subfield>
  </datafield>
  <datafield tag="245" ind1="1" ind2="0">
   <subfield code="a">[Rezension von: Susanne Deicher, Piet Mondrian. Protestantismus und Modernität]</subfield>
   <subfield code="c">Regine Prange</subfield>
  </datafield>
  <datafield tag="264" ind1=" " ind2="1">
   <subfield code="a">Heidelberg</subfield>
   <subfield code="b">Universitätsbibliothek Heidelberg</subfield>
   <subfield code="c">20 Sep. 2017</subfield>
  </datafield>
  <datafield tag="300" ind1=" " ind2=" ">
   <subfield code="a">1 Online-Ressource</subfield>
   <subfield code="b">Illustrationen</subfield>
  </datafield>
  <datafield tag="336" ind1=" " ind2=" ">
   <subfield code="a">Text</subfield>
   <subfield code="b">txt</subfield>
   <subfield code="2">rdacontent</subfield>
  </datafield>
  <datafield tag="337" ind1=" " ind2=" ">
   <subfield code="a">Computermedien</subfield>
   <subfield code="b">c</subfield>
   <subfield code="2">rdamedia</subfield>
  </datafield>
  <datafield tag="338" ind1=" " ind2=" ">
   <subfield code="a">Online-Ressource</subfield>
   <subfield code="b">cr</subfield>
   <subfield code="2">rdacarrier</subfield>
  </datafield>
  <datafield tag="490" ind1="1" ind2=" ">
   <subfield code="a">Schriften von Regine Prange</subfield>
   <subfield code="v">13a</subfield>
  </datafield>
  <datafield tag="500" ind1=" " ind2=" ">
   <subfield code="a">Aus: Kunstchronik, 50 (1997), pp. 132-139</subfield>
  </datafield>
  <datafield tag="500" ind1=" " ind2=" ">
   <subfield code="a">Elektronische Reproduktion der Druckausgabe</subfield>
  </datafield>
  <datafield tag="534" ind1=" " ind2=" ">
   <subfield code="c">1997</subfield>
  </datafield>
  <datafield tag="655" ind1=" " ind2="7">
   <subfield code="a">Rezension</subfield>
   <subfield code="0">(DE-588)4049712-4</subfield>
   <subfield code="0">(DE-627)106186019</subfield>
   <subfield code="0">(DE-576)209083166</subfield>
   <subfield code="2">gnd-content</subfield>
  </datafield>
  <datafield tag="689" ind1="0" ind2="0">
   <subfield code="d">u</subfield>
   <subfield code="0">(DE-588)1080876707</subfield>
   <subfield code="0">(DE-627)845354167</subfield>
   <subfield code="0">(DE-576)45380361X</subfield>
   <subfield code="a">Deicher, Susanne</subfield>
   <subfield code="d">1959-</subfield>
   <subfield code="t">Piet Mondrian</subfield>
   <subfield code="2">gnd</subfield>
  </datafield>
  <datafield tag="689" ind1="0" ind2=" ">
   <subfield code="5">(DE-627)</subfield>
  </datafield>
  <datafield tag="787" ind1="0" ind2="8">
   <subfield code="i">Rezension von</subfield>
   <subfield code="a">Deicher, Susanne, 1959 - </subfield>
   <subfield code="t">Piet Mondrian: Protestantismus und Modernität</subfield>
   <subfield code="d">Berlin : Reimer, 1995</subfield>
   <subfield code="h">256, [94] S.</subfield>
   <subfield code="w">(DE-627)1635845890</subfield>
   <subfield code="w">(DE-576)043754147</subfield>
   <subfield code="z">3496011254</subfield>
  </datafield>
  <datafield tag="800" ind1="1" ind2=" ">
   <subfield code="a">Prange, Regine</subfield>
   <subfield code="d">1958-</subfield>
   <subfield code="t">Schriften von Regine Prange.</subfield>
   <subfield code="v">13a</subfield>
   <subfield code="9">13a</subfield>
   <subfield code="w">(DE-627)1538006928</subfield>
   <subfield code="w">(DE-576)468006923</subfield>
  </datafield>
  <datafield tag="856" ind1="4" ind2="0">
   <subfield code="u">http://dx.doi.org/10.11588/artdok.00005370</subfield>
   <subfield code="x">Resolving-System</subfield>
   <subfield code="z">kostenfrei</subfield>
   <subfield code="3">Volltext</subfield>
  </datafield>
  <datafield tag="856" ind1="4" ind2="0">
   <subfield code="u">http://nbn-resolving.de/urn:nbn:de:bsz:16-artdok-53703</subfield>
   <subfield code="q">application/pdf</subfield>
   <subfield code="x">Resolving-System</subfield>
   <subfield code="z">kostenfrei</subfield>
   <subfield code="3">Volltext</subfield>
  </datafield>
  <datafield tag="951" ind1=" " ind2=" ">
   <subfield code="a">MV</subfield>
  </datafield>
  <datafield tag="994" ind1=" " ind2=" ">
   <subfield code="u">https://archiv.ub.uni-heidelberg.de/artdok/5370/1/Prange_Rez_Deicher_Piet_Mondrian_1997.pdf</subfield>
  </datafield>
  <datafield tag="994" ind1=" " ind2=" ">
   <subfield code="u">http://archiv.ub.uni-heidelberg.de/artdok/5370/</subfield>
  </datafield>
  <datafield tag="990" ind1=" " ind2=" ">
   <subfield code="a">Deicher, Susanne / Piet Mondrian</subfield>
  </datafield>
  <datafield tag="991" ind1=" " ind2=" ">
   <subfield code="a">Rezension (Monographie, Zeitschrift, Aufsatz)</subfield>
  </datafield>
  <datafield tag="999" ind1=" " ind2=" ">
   <subfield code="a">KXP-PPN156375049X</subfield>
   <subfield code="e">4255084998</subfield>
  </datafield>
 </record>
</collection>
